Normal view
MARC view
- Giftson Ranjeeta
Entry Personal Name
001 - CONTROL NUMBER
- control field: 7277
003 - CONTROL NUMBER IDENTIFIER
- control field: OSt
005 - DATE AND TIME OF LATEST TRANSACTION
- control field: 20190705121413.0
008 - FIXED-LENGTH DATA ELEMENTS
- fixed length control field: 190705|| aca||aabn | a|a d
040 ## - CATALOGING SOURCE
- Original cataloging agency: OSt
- Transcribing agency: OSt
100 ## - HEADING--PERSONAL NAME
- Personal name: Giftson Ranjeeta
670 ## - SOURCE DATA FOUND
- Source citation: Work cat.: (OSt): Giftson Ranjeeta, Everyday Miracles, 2016